000 00486cam a22001574a 4500
082 0 0 _a624.15136
_bPUN
_cDonation
100 1 _aPunmia, R.B.C
_936336
245 1 0 _aSoil mechanics and foundations /
_cR.B.C. punmia
260 _aDelhi :
_bStanderd Book House,
_c1992.
300 _axxv, 902 :
_bill. ;
_c18 cm. +
526 _a0
_b0
_c0
_d624_151360000000000_PUN
526 _a0
_b0
_c0
_d624_151360000000000_PUN
650 0 _aFoundations.
_9892
650 0 _aSoil mechanics.
942 _2ddc
_cBK
999 _c541451
_d541451